000 00521nam a2200145 4500
999 _c10756
_d10756
008 180919b ||||| |||| 00| 0 eng d
022 _a16565649
082 _aDPer 303.405 H22 June -Sept 2016 v.12 n. 7-10
100 _931339
_aAlarcon, Ciara.
245 _aMyphone my86 DTV:
_bmade for the Filipino lifestyle/
_cCiara Alarcon.
260 _aQuezon City:
_bHardware Zone Phils. Corp.,
_c©June -Sept 2016.
300 _av12 n9, page 43:
_billustration;
_c28 cm.
650 0 _931340
_aCellular telephones.
942 _2ddc
_cPER